Всичко за олимпийските игри (Запис номер 57771)
[ съкратено ]
| 000 -Лидер | |
|---|---|
| Контролно поле с фиксирана дължина | nam a22 a 4500 |
| 003 - Код на организацията, давaща контролен номер | |
| Контролно поле | BLK |
| 005 - Дата и час на последна редакция | |
| Контролно поле | 20221028141623.0 |
| 008 - Елементи от данни с фиксирана дължина | |
| fixed length control field | 180408b bul|||||r ||||||| ||bul|| |
| 010 ## - Наследен системен номер | |
| LC control number | KNG00061780000 |
| 040 ## - Източник на каталожния запис | |
| Идентификатор на билиотеката - собственик на записа | BLK |
| 041 ## - Код за език | |
| Код за езика на текст/звукозапис или на отделно заглавие | Български |
| Код за езика КДБФ | Български |
| 080 ## - УДК | |
| Текстов определител УДК | Олимпийско движение. Олимпийски игри |
| УДК код - определител по УДК | 796.032 |
| УДК определител | (100)(02) |
| УДК - код + определител | 796.032(100)(02) |
| 100 1# - Редна дума - Автор | |
| Автор | Хавин, Борис |
| Авторска отговорност | първи автор |
| R(LIN) | 135345 |
| 139 ## - Редно поле | |
| Редна дума | Хавин, Борис |
| 245 10 - Сведения за заглавието | |
| Заглавие | Всичко за олимпийските игри |
| Подзаглавни данни | Справочник |
| Редно поле (дума) | Борис Хавин; прев. от рус. Кръстю Крапачев. |
| 257 ## - Страна на издаване | |
| Страна на създаване/издаване | България |
| 260 ## - Област на издателските данни | |
| Място на издаване, разпространение и проч. | София |
| Име на издателя, разпространителя и проч. | Медицина и физкултура |
| Година на издаване | 1977 |
| 300 ## - Физическа характеристика | |
| Страници | 495 с. |
| Размери/Мащаб | 20,5 см |
| 380 ## - Жанр | |
| Жанр | 793/799 Спорт |
| 650 #4 - Допълнително описание по предмет – тема | |
| Основно описание – тема или топоним | Олимпийски игри |
| 9 (RLIN) | 246392 |
| 653 ## - Ключова дума – ненормативна | |
| Ключова дума | Олимпийски игри |
| 653 ## - Ключова дума – ненормативна | |
| Ключова дума | справочници |
| 700 1# - Други автори (авторска отговорност) | |
| Лично име | Крапачев, Кръстю |
| Автороска отговорност (Описва отношението между автора и произведението) | прев. от рус. |
| 9 (RLIN) | 275246 |
| 852 ## - Местоположение | |
| Форматна сигнатура | Цб 86365 |
| 856 4# - Електронен адрес и достъп | |
| Електронен формат | pdf - файл |
| Инструкция (цена за достъп) | 0.00 |
| Права за достъп | disable |
| 856 4# - Електронен адрес и достъп | |
| Електронен формат | pdf - файл |
| Инструкция (цена за достъп) | 0.00 |
| Права за достъп | disable |
| 999 ## - СИСТЕМНИ КОНТРОЛНИ НОМЕРА | |
| Koha biblionumber | 57771 |
| Koha biblioitemnumber | 57771 |
| 942 ## - АРТИКУЛИ | |
| Вид на библиотечния материал | Книги |
| Скрит в OPAC | Не |
| Koha issues (borrowed), all copies | 1 |
| Периодичен библиозапис | Да |
| 944 ## - СЪЗДАВАНЕ И РЕДАКЦИЯ на ЗАПИСА | |
| Създаване/Редакция | Създаване |
| Дата на регистрацията/редакция | 13.06.2004 |
| Служител, извършил регистрацията/редакцията | Читалня |
| 944 ## - СЪЗДАВАНЕ И РЕДАКЦИЯ на ЗАПИСА | |
| Създаване/Редакция | Редакция |
| Дата на регистрацията/редакция | 2022-10-28 |
| Служител, извършил регистрацията/редакцията | ир |
| 999 ## - СИСТЕМНИ КОНТРОЛНИ НОМЕРА | |
| Koha biblioitemnumber | 57771 |
| Код за отписване | Код за изгубен артикул | Източник на класификационната схема | Код за повреда | Коз за рестрикции | Код за отдаване | Артикулен № | Име на библиотеката - собственик | Име на библиотеката, в която се намира в момента | Статус (Текущо местоположение) | Дата на вписване в системата | Местоположение - отдел | Цена в лева | Инвентарен номер | Систематично азбучна сигнатура | Баркод | Номер на екземпляра | Цена в евро | Служебна бележка | Служебен тип на артикула | Бележка за публиката |
|---|---|---|---|---|---|---|---|---|---|---|---|---|---|---|---|---|---|---|---|---|
| Не е изгубен | Universal Decimal Classification | Не е повреден | без рестрикции | ползва се в читалня | 94307 | Регионална библиотека "Любен Каравелов" Русе | Регионална библиотека "Любен Каравелов" Русе | Читалня | 1993-01-01 | Читалня | 2.70 | 257224 | Ч 796/799 | 120000257224 | 1 | 1.38 | Дата инв: 20.03.2017 Бележки инв: Ч2017 | Книги | ||
| Изтеглен | Не е изгубен | Не е повреден | без рестрикции | заемане за дома | 94308 | Регионална библиотека "Любен Каравелов" Русе | Регионална библиотека "Любен Каравелов" Русе | 1977-01-01 | Заемна - подръчен фонд | 2.70 | 257222 | П 796.032/799 | 257222 | 2 | 1.38 | N: стар фонд Дата: 01.01.1977 | Книги | Отч.N: 26/2018 , Дата: 26.03.2018 | ||
| Изтеглен | Не е изгубен | Universal Decimal Classification | Не е повреден | без рестрикции | заемане за дома | 94309 | Регионална библиотека "Любен Каравелов" Русе | Регионална библиотека "Любен Каравелов" Русе | Заемна - подръчен фонд | 1977-01-01 | Заемна - подръчен фонд | 2.70 | 257223 | П 796.032/799 | 257223 | 3 | 1.38 | N: стар фонд Дата: 01.01.1977 Дата инв: 14.03.2018 Бележки инв: П2018 | Книги | |
| Не е изгубен | Universal Decimal Classification | Не е повреден | само за читалня | ползва се в читалня | 94310 | Регионална библиотека "Любен Каравелов" Русе | Регионална библиотека "Любен Каравелов" Русе | Хранилище | 1977-01-01 | Хранилище | 2.70 | 229091 | Цб 86365 | 120000229091 | 4 | 1.38 | N: стар фонд Дата: 01.01.1977 | Книги |